| 000 | 00397nam a22001577a 4500 | ||
|---|---|---|---|
| 020 | _a978-81-254-4358-1 | ||
| 082 |
_a923 _bMUK/T |
||
| 100 | _aMUKHERJEE, SAROJ | ||
| 245 |
_aTHE AUTOBIOGRAPHY OF A TREE _bSHORT STORY |
||
| 246 |
_aTHE AUTOBIOGRAPHY OF A TREE _bSHORT STORY |
||
| 260 |
_aBANGALORE _bDC BOOKS _c2014 |
||
| 300 | _a51 | ||
| 520 | _aSHORT STORY | ||
| 650 | _aSHORT STORY | ||
| 942 | _cBK | ||
| 999 |
_c2841 _d2841 |
||